000 01035nam a22002417a 4500
005 20210325185141.0
008 s2534 th tha d
020 _a9748122387
041 _atha
090 _aอ AG470.I5 ร421พ 2534
110 0 _aราชบัณฑิตยสถาน
245 1 0 _aพจนานุกรมศัพท์ประกันภัยอังกฤษ-ไทย ฉบับราชบัณฑิตยสถาน
260 3 _aกรุงเทพฯ :
_bเพื่อนพิมพ์,
_c2534
300 _a324 หน้า ;
_b 21 ซม.
610 _aราชบัณฑิตยสถาน
650 0 4 _aประกันภัย -- คำศัพท์
650 0 4 _aประกันภัย -- พจนานุกรม
650 0 4 _aประกันภัย -- พจนานุกรมประกันภัย -- คำศัพท์
850 _aNALT
942 _cREF
997 _c000000000022167
998 _aVSINEE MUNKLAD
999 _c22167
_d22167